Movies Missing 'B' Words Quiz Stats

 Plays Quiz Updated Mar 24, 2018

Score 0/18 Timer 03:00
0 Plays Today
Hint Answer % Correct
Black
97.9%
Beverly
95.7%
Bruce
95.5%
Breakfast
95.1%
Brokeback
94%
Blues
92.8%
Beautiful
91%
Brother
90.7%
Balls
88.4%
Hint Answer % Correct
Bueller's
86.3%
Budapest
86.1%
Baby
85.8%
Brief
77.9%
Boogie
77.7%
Bridge
72.2%
Bronx
60.6%
Bruges
53.4%
Before
49.3%

You're not logged in!

Compare scores with friends on all Sporcle quizzes.
OR
Log In

Sporcle TV

Today on Sporcle TV


Watch our educational content, quiz creation guides, and fun videos on Sporcle TV.

Show Comments

Extras

Top Quizzes Today


Score Distribution

Your Account Isn't Verified!

In order to create a playlist on Sporcle, you need to verify the email address you used during registration. Go to your Sporcle Settings to finish the process.

Report this User

Report this user for behavior that violates our Community Guidelines.

Details: